[Event "GER CM01-B email"]
[Site "GER email"]
[Date "2014.09.25"]
[Round "?"]
[White "Hitzegrad, Juergen"]
[Black "Petrov, Yury Aleksandrovic"]
[Result "1-0"]
[WhiteElo "2329"]
[BlackElo "2311"]
[PlyCount "73"]
[EventDate "2014.??.??"]
[EventType "tourn (corr)"]
[EventRounds "12"]
[EventCountry "GER"]
[SourceTitle "Corr 2017"]
[Source "ChessBase"]
[SourceDate "2017.09.19"]
[SourceVersion "1"]
[SourceVersionDate "2017.09.19"]
[SourceQuality "1"]

1. d4 Nf6 2. c4 g6 3. Nc3 Bg7 4. e4 d6 5. f3 0-0 6. Be3 a6 7. Qd2 Nc6 8. Nge2 Rb8 9. Nc1 e5 10. d5 Nd4 11. Nb3 Nxb3 12. axb3 c5 13. g4 Bd7 14. Bd3 Qb6 15. Qd1 Qd8 16. Kd2 Qc8 17. Qe2 Rd8 18. Kc2 b5 19. cxb5 axb5 20. Bxb5 h5 21. h3 Qc7 22. Bc4 Rb6 23. Qf2 Be8 24. Qh4 Rdb8 25. Ra3 R6b7 26. Rha1 Bf8 27. Bg5 Nh7 28. Bd2 Be7 29. Qf2 Nf6 30. f4 exf4 31. Bxf4 hxg4 32. hxg4 Nxg4 33. Qg3 Bd7 34. Rh1 Rb6 35. Be2 Qb7 36. Kb1 Bf6 37. Bxd6 1-0

[Event "GER CM01-B email"]
[Site "GER email"]
[Date "2014.09.25"]
[Round "?"]
[White "Paulik, Vaclav"]
[Black "Petrov, Yury Aleksandrovic"]
[Result "1-0"]
[WhiteElo "2362"]
[BlackElo "2311"]
[PlyCount "89"]
[EventDate "2014.??.??"]
[EventType "tourn (corr)"]
[EventRounds "12"]
[EventCountry "GER"]
[SourceTitle "Corr 2017"]
[Source "ChessBase"]
[SourceDate "2017.09.19"]
[SourceVersion "1"]
[SourceVersionDate "2017.09.19"]
[SourceQuality "1"]

1. e4 c5 2. Nf3 d6 3. c3 Nf6 4. Be2 Nbd7 5. d3 g6 6. 0-0 Bg7 7. Re1 0-0 8. Bf1 Ne5 9. Nxe5 dxe5 10. Be3 Qd6 11. Be2 b6 12. Nd2 Rd8 13. Nc4 Qc7 14. Qc2 Nd7 15. a4 Nf8 16. h4 h5 17. b3 Ne6 18. g3 Bb7 19. Kh2 Qc6 20. f3 Rd7 21. Rad1 Rf8 22. Bf1 Rfd8 23. Bh3 Ba6 24. Rf1 Kh8 25. f4 exf4 26. gxf4 Rg8 27. Rf2 Bxc4 28. bxc4 Bf6 29. Rf3 Kh7 30. Kh1 Kh8 31. Bg2 Nd8 32. e5 Bg7 33. Rg3 Qc8 34. Be4 e6 35. Qg2 Bf8 36. f5 exf5 37. Bxf5 Ne6 38. Bxe6 fxe6 39. Rxg6 Rxg6 40. Qxg6 Rg7 41. Qxh5+ Rh7 42. Qg4 Be7 43. Bg5 Qg8 44. Kg2 Bxg5 45. hxg5 1-0

[Event "GER CM01-B email"]
[Site "GER email"]
[Date "2014.09.25"]
[Round "?"]
[White "Petrov, Yury Aleksandrovic"]
[Black "Dimitrov, Deyan"]
[Result "1/2-1/2"]
[WhiteElo "2311"]
[BlackElo "2324"]
[PlyCount "57"]
[EventDate "2014.??.??"]
[EventType "tourn (corr)"]
[EventRounds "12"]
[EventCountry "GER"]
[SourceTitle "Corr 2017"]
[Source "ChessBase"]
[SourceDate "2017.09.19"]
[SourceVersion "1"]
[SourceVersionDate "2017.09.19"]
[SourceQuality "1"]

1. e4 c5 2. Nf3 Nc6 3. d4 cxd4 4. Nxd4 e5 5. Nb5 d6 6. N1c3 a6 7. Na3 Be7 8. Be3 Nf6 9. Nc4 b5 10. Nb6 Rb8 11. Nxc8 Qxc8 12. Be2 0-0 13. 0-0 b4 14. Nd5 Nxe4 15. a3 Bd8 16. Qd3 Nc5 17. Bxc5 dxc5 18. Qe4 a5 19. Rad1 Kh8 20. c3 Bg5 21. Qc4 a4 22. h4 Be7 23. Nxe7 Nxe7 24. Rd6 f5 25. h5 h6 26. cxb4 cxb4 27. Re6 Qxc4 28. Bxc4 Rfc8 29. Ba6 1/2-1/2

[Event "GER CM01-B email"]
[Site "GER email"]
[Date "2014.09.25"]
[Round "?"]
[White "Petrov, Yury Aleksandrovic"]
[Black "Seelig, Juergen"]
[Result "1/2-1/2"]
[WhiteElo "2311"]
[BlackElo "2279"]
[PlyCount "84"]
[EventDate "2014.??.??"]
[EventType "tourn (corr)"]
[EventRounds "12"]
[EventCountry "GER"]
[SourceTitle "Corr 2017"]
[Source "ChessBase"]
[SourceDate "2017.09.19"]
[SourceVersion "1"]
[SourceVersionDate "2017.09.19"]
[SourceQuality "1"]

1. e4 c5 2. Nf3 d6 3. d4 cxd4 4. Nxd4 Nf6 5. Nc3 a6 6. Be3 e5 7. Nb3 Be6 8. f3 Be7 9. Qd2 0-0 10. 0-0-0 Nbd7 11. g4 b5 12. g5 b4 13. Ne2 Ne8 14. f4 a5 15. f5 a4 16. Nbd4 exd4 17. Nxd4 b3 18. Kb1 bxc2+ 19. Nxc2 Bb3 20. axb3 axb3 21. Na3 Ne5 22. Qg2 Kh8 23. h4 f6 24. Rh3 Qc8 25. Bf4 Qb7 26. Qe2 Ra4 27. Re3 g6 28. Qb5 Qa8 29. fxg6 Nxg6 30. Bg3 Ra5 31. Qxb3 fxg5 32. hxg5 Bxg5 33. Re2 Bf6 34. Bh3 Ra7 35. Qe3 Rb7 36. Rd3 Qb8 37. Qc1 Ne5 38. Rc3 Qa7 39. Ka2 Rb8 40. Qd1 Ng6 41. Rc8 Qf7+ 42. Qd5 Qxd5+ 1/2-1/2

[Event "GER CM01-B email"]
[Site "GER email"]
[Date "2014.09.25"]
[Round "?"]
[White "Potrata, Janko"]
[Black "Petrov, Yury Aleksandrovic"]
[Result "1-0"]
[WhiteElo "2317"]
[BlackElo "2311"]
[PlyCount "57"]
[EventDate "2014.??.??"]
[EventType "tourn (corr)"]
[EventRounds "12"]
[EventCountry "GER"]
[SourceTitle "Corr 2017"]
[Source "ChessBase"]
[SourceDate "2017.09.19"]
[SourceVersion "1"]
[SourceVersionDate "2017.09.19"]
[SourceQuality "1"]

1. e4 c5 2. Nf3 d6 3. d4 cxd4 4. Nxd4 Nf6 5. Nc3 a6 6. Bg5 e6 7. f4 Qb6 8. Qd2 Qxb2 9. Rb1 Qa3 10. e5 dxe5 11. fxe5 Nfd7 12. Ne4 h6 13. Bh4 Qxa2 14. Rd1 Qd5 15. Qe3 Qxe5 16. Be2 Bc5 17. Bg3 Bxd4 18. Rxd4 Qa5+ 19. Rd2 0-0 20. Bd6 Rd8 21. Qg3 Nc6 22. Bc7 Qa1+ 23. Rd1 Qb2 24. 0-0 Qxc2 25. Bd3 Qb2 26. Bxd8 Nxd8 27. Bb1 Nc6 28. Nd6 Qe5 29. Nxc8 1-0